export_success — 

The grapsoid crabs of America,

E.g. from Curaçao: Sesarma (holometopus) ricordi (p. 309)); Aratus pisonii (p. 324); Plagusa depresa (p. 332); Cardisoma guanhumi (p. 345); etc.

Saved in:
Bibliographic Details
Main Author: Rathbun, Mary Jane, 1860-1943.
Format: Book
Language:English
Published: Washington, Govt. print. off., 1918.
Series:Smithsonian institution. United States National museum. Bulletin 97
Subjects:
Tags: Add Tag
No Tags, Be the first to tag this record!
LEADER 01115cam a2200265I 4500
001 005334565-7
005 20020606095253.2
008 780111s1918 dcuaf f001 0 eng
010 |a  18026198  
035 0 |a ocm03550887 
040 |a DLC  |c EXH  |d HMZ 
050 0 |a Q11  |b .U6 
100 1 |a Rathbun, Mary Jane,  |d 1860-1943. 
245 0 4 |a The grapsoid crabs of America,  |c by Mary J. Rathbun ... 
260 |a Washington,  |b Govt. print. off.,  |c 1918. 
300 |a xxii, 461 p.  |b illus., 161 pl.  |c 25 cm. 
490 0 |a Smithsonian institution. United States National museum. Bulletin 97 
500 |a "Crabs of America". 
502 |a Issued also as thesis (PH. D.) George Washington university, 1917. 
504 |a Includes bibliographical references and index. 
520 |a E.g. from Curaçao: Sesarma (holometopus) ricordi (p. 309)); Aratus pisonii (p. 324); Plagusa depresa (p. 332); Cardisoma guanhumi (p. 345); etc. 
650 0 |a Crabs. 
776 0 8 |i Online version:  |a Rathbun, Mary Jane, 1860-1943.  |t Grapsoid crabs of America.  |d Washington, Govt. Print. Off., 1918  |w (OCoLC)654325208 
988 |a 20020608 
906 |0 DLC